| 000 | 01676nam0a22002651 4500 | ||
|---|---|---|---|
| 001 | rc\4875627 | ||
| 005 | 20260406170225.0 | ||
| 021 |
_aRU _b[67-88338] |
||
| 035 | _a(NLR Aleph) 008913485 | ||
| 090 |
_a8778862 _c8778862 |
||
| 100 | _a20130426d1967 |||y0rusy50 ca | ||
| 101 | 0 | _arus | |
| 102 | _aRU | ||
| 105 | _aa z ||||| | ||
| 200 | 1 |
_aНаучная организация советской торговли _e(Тезисы докладов на межвед. науч.-практ. конференции. Сент. 1967 г.) _fДонецкое отд-ние Ин-та экономики АН УССР. Донецкий ин-т советской торговли. Обл. совет председателей правлений отраслевых науч.-техн. о-в. Донецкий обществ. ин-т экон.-социол. исследований. Обком Профсоюза работников гос. торговли и потребкооперации |
|
| 210 |
_aДонецк _cБ. и. _d1967 |
||
| 215 |
_a107 с. _cсхем. _d20 |
||
| 606 |
_aТорговые предприятия _xОрганизация и техника работы _jТезисы докладов _2psbo |
||
| 712 | 0 | 2 | _aКонференция по науч. организации труда в системе торговли, обществ. питания и потреб. кооперации (1967; Донецк) |
| 712 | 0 | 2 |
_aИнститут экономики _cКиев _bДонецкое отделение _3RU\NLR\AUTH\889937509 _9369845 |
| 801 | 0 |
_aRU _bNLR _gpsbo |
|
| 801 | 1 |
_aRU _bELAR _2rusmarc |
|
| 852 |
_aNLR _j67-3/6123 |
||
| 942 | _cBOOK | ||
| 980 | _aNB | ||